[Event "ODJM B 2015"]
[Site "Willingen GER"]
[Date "2015.05.24"]
[Round "2"]
[White "Lilienthal, Niels Bennett"]
[Black "Prudlik, Finn Olmse"]
[Result "1-0"]
[Termination "normal"]
[Board "23"]
[WhiteElo "1246"]
[BlackElo "948"]
[PlyCount "137"]
[WhiteFideId "16205421"]
[BlackFideId "16209923"]
[EventCountry "GER"]
[EventRounds "9"]
[EventType "swiss"]
[EventDate "2015.05.23"]

1. e4 e5 2. Nf3 Nc6 3. Bb5 a6 4. Ba4 Nf6 5. d3 Na5 6. Nxe5 b5 7. Bb3 Nxb3 8.
axb3 d6 9. Nf3 h6 10. Bd2 Be7 11. c4 Bg4 12. h3 Bd7 13. Bc3 O-O 14. Nbd2 c5 15.
b4 cxb4 16. Bxb4 a5 17. Bc3 b4 18. Bd4 Rb8 19. b3 Re8 20. O-O Bf8 21. Qc2 g6
22. Bxf6 Qxf6 23. Rxa5 Ra8 24. Rxa8 Rxa8 25. Rb1 g5 26. Qb2 Qg6 27. Ra1 Rxa1+
28. Qxa1 g4 29. hxg4 Bxg4 30. Kf1 Qh5 31. Ke2 Bg7 32. Qg1 Qa5 33. Ke3 Bxf3 34.
gxf3 Kh7 35. Qg4 Bd4+ 36. Ke2 Qa2 37. Qg1 Bc3 38. Qd1 Bd4 39. Qb1 Qa8 40. f4
Qg8 41. Nf3 Qg4 42. Qg1 h5 43. Qxg4 hxg4 44. Nxd4 Kh6 45. Nf5+ Kh5 46. Nxd6 Kh4
47. Kf1 g3 48. fxg3+ Kxg3 49. f5 f6 50. Ne8 Kf3 51. Nxf6 Ke3 52. Nd7 Kxd3 53.
f6 Kc3 54. f7 Kxb3 55. f8=Q Kc3 56. Qxb4+ Kxb4 57. e5 Kxc4 58. e6 Kd5 59. e7
Kd6 60. e8=Q Kc7 61. Nb6 Kxb6 62. Qc8 Kb5 63. Ke2 Kb6 64. Kd3 Kb5 65. Kd4 Kb6
66. Kd5 Kb5 67. Qb8+ Ka5 68. Kc5 Ka4 69. Qb4# 1-0

[Event "ODJM B 2015"]
[Site "Willingen GER"]
[Date "2015.05.24"]
[Round "2"]
[White "Frank, Cillian"]
[Black "Blinov, Sergei"]
[Result "0-1"]
[Termination "normal"]
[Board "24"]
[WhiteElo "954"]
[BlackElo "1242"]
[PlyCount "130"]
[WhiteFideId "16245202"]
[EventCountry "GER"]
[EventRounds "9"]
[EventType "swiss"]
[EventDate "2015.05.23"]

1. e4 c6 2. d4 d5 3. e5 Bf5 4. Nf3 e6 5. Bd3 Bxd3 6. Qxd3 c5 7. c3 Nc6 8. Qb5
Qc7 9. Bg5 b6 10. Nbd2 Be7 11. Bxe7 Ngxe7 12. Qd3 Ng6 13. Ng5 h6 14. Ngf3 Nf4
15. Qf1 O-O 16. g3 Ng6 17. Qd3 cxd4 18. cxd4 Nb4 19. Qc3 Qxc3 20. bxc3 Nc2+ 21.
Ke2 Nxa1 22. Rxa1 Rfc8 23. Rc1 Rc7 24. Kd3 Rac8 25. Ng1 b5 26. a3 a5 27. Ne2 b4
28. axb4 axb4 29. h4 bxc3 30. Rxc3 Rxc3+ 31. Nxc3 Ne7 32. Nb5 Nf5 33. Nb3 Rb8
34. Kc3 Rxb5 35. Nc5 Rb1 36. Nd3 Rf1 37. h5 Rh1 38. Nf4 g5 39. hxg6 fxg6 40.
Nxe6 Rd1 41. g4 Ne7 42. Nf4 Rf1 43. Nh3 Rc1+ 44. Kd2 Rc4 45. Kd3 Nc6 46. Nf4
Rxd4+ 47. Ke3 Kf7 48. e6+ Kf6 49. f3 Rxf4 50. Kxf4 Kxe6 51. g5 h5 52. Ke3 d4+
53. Kd3 h4 54. f4 h3 55. f5+ Kxf5 56. Ke2 h2 57. Kd3 h1=Q 58. Kc4 Qc1+ 59. Kb5
Ne7 60. Kb4 Ke5 61. Kb5 Qc3 62. Ka4 Qb2 63. Ka5 Kd6 64. Ka4 Kc6 65. Ka5 Qb5#
0-1

[Event "ODJM B 2015"]
[Site "Willingen GER"]
[Date "2015.05.24"]
[Round "2"]
[White "Bardorz, Stefan"]
[Black "Fischer, Sören"]
[Result "1-0"]
[Termination "normal"]
[Board "25"]
[WhiteElo "1241"]
[BlackElo "931"]
[PlyCount "41"]
[WhiteFideId "16245474"]
[EventCountry "GER"]
[EventRounds "9"]
[EventType "swiss"]
[EventDate "2015.05.23"]

1. e4 e5 2. Nf3 Nc6 3. d4 exd4 4. Nxd4 Nxd4 5. Qxd4 Nf6 6. Nc3 Bb4 7. Qxb4 d5
8. exd5 Nxd5 9. Nxd5 Qxd5 10. Be3 Bf5 11. Qc3 c6 12. Qxg7 O-O-O 13. Qc3 Rhe8
14. Qc4 Qd7 15. Be2 Kb8 16. O-O Rg8 17. Rad1 Qe8 18. Qf4+ Ka8 19. Qxf5 Rxd1 20.
Rxd1 h6 21. Qd7 1-0

[Event "ODJM B 2015"]
[Site "Willingen GER"]
[Date "2015.05.24"]
[Round "2"]
[White "Winkin, Pol"]
[Black "Rößl, Adam"]
[Result "0-1"]
[Termination "normal"]
[Board "26"]
[WhiteElo "937"]
[BlackElo "1230"]
[PlyCount "58"]
[WhiteFideId "4004787"]
[BlackFideId "16246047"]
[EventCountry "GER"]
[EventRounds "9"]
[EventType "swiss"]
[EventDate "2015.05.23"]

1. d4 d5 2. Bf4 Nc6 3. e3 Nf6 4. c4 e6 5. Nf3 Bb4+ 6. Nbd2 O-O 7. cxd5 exd5 8.
Bb5 Bg4 9. O-O Ne4 10. Nxe4 dxe4 11. Qa4 exf3 12. Bxc6 bxc6 13. Qxb4 fxg2 14.
Kxg2 Qh4 15. f3 Qh3+ 16. Kf2 Qxf3+ 17. Kg1 Qe4 18. Qe1 f5 19. Qg3 Rf6 20. h4
Rg6 21. Rf2 Bh5 22. Bg5 h6 23. Rf4 Qd3 24. Raf1 hxg5 25. hxg5 Bg4 26. e4 Qxg3+
27. Kh1 Rxg5 28. R1f2 Rh5+ 29. Rh2 Rxh2# 0-1

[Event "ODJM B 2015"]
[Site "Willingen GER"]
[Date "2015.05.24"]
[Round "2"]
[White "Schott, Jan"]
[Black "Grunert, Wilhelm"]
[Result "0-1"]
[Termination "normal"]
[Board "27"]
[WhiteElo "907"]
[BlackElo "1205"]
[PlyCount "94"]
[BlackFideId "12995673"]
[EventCountry "GER"]
[EventRounds "9"]
[EventType "swiss"]
[EventDate "2015.05.23"]

1. e4 d5 2. exd5 Qxd5 3. Nc3 Qa5 4. Nf3 Bg4 5. h3 Bh5 6. Be2 Nc6 7. Nh4 Bxe2 8.
Qxe2 Nd4 9. Qd1 Qe5+ 10. Ne2 O-O-O 11. c3 Nc6 12. d4 Qa5 13. O-O e5 14. Bd2 Be7
15. c4 Qb6 16. d5 Qxb2 17. Nf5 g6 18. Nxe7+ Ngxe7 19. Bc3 Qb6 20. Qc2 Nb4 21.
Bxb4 Qxb4 22. Rab1 Qc5 23. Rb5 Qd6 24. Qb2 Qa6 25. Rb1 b6 26. c5 Rxd5 27. Nc3
Rd7 28. a4 c6 29. Rb4 Rb7 30. Ne4 Rd8 31. Nd6+ Rxd6 32. cxd6 Nd5 33. Re4 f6 34.
Rd1 Rd7 35. Qc2 Kb7 36. Rc1 Rxd6 37. Rc4 Ne7 38. Rd1 Rxd1+ 39. Qxd1 Qxc4 40.
Qd7+ Ka6 41. Qxe7 Qxa4 42. Qxf6 Qb5 43. Qg7 Qb1+ 44. Kh2 Qf5 45. Kg1 h5 46. h4
c5 47. Qe7 e4 0-1

[Event "ODJM B 2015"]
[Site "Willingen GER"]
[Date "2015.05.24"]
[Round "2"]
[White "Arnold, Alexandria"]
[Black "Lohrmann, Linus"]
[Result "0-1"]
[Termination "normal"]
[Board "28"]
[WhiteElo "1174"]
[BlackElo "911"]
[PlyCount "28"]
[WhiteFideId "16205383"]
[BlackFideId "12982857"]
[EventCountry "GER"]
[EventRounds "9"]
[EventType "swiss"]
[EventDate "2015.05.23"]

1. e4 e5 2. Nf3 Nc6 3. Bc4 Bc5 4. c3 Nf6 5. d3 a6 6. Bb3 O-O 7. O-O h6 8. Nbd2
Re8 9. Re1 Ng4 10. Kf1 Nxf2 11. Qe2 Ng4 12. h3 Nf6 13. Nc4 Nh5 14. Be3 Ng3+ 0-1

[Event "ODJM B 2015"]
[Site "Willingen GER"]
[Date "2015.05.24"]
[Round "2"]
[White "Reyher, Bastian"]
[Black "Chalabi, Tom"]
[Result "1/2-1/2"]
[Termination "normal"]
[Board "29"]
[WhiteElo "1084"]
[BlackElo "1119"]
[PlyCount "82"]
[WhiteFideId "12927465"]
[BlackFideId "4003012"]
[EventCountry "GER"]
[EventRounds "9"]
[EventType "swiss"]
[EventDate "2015.05.23"]

1. e4 e5 2. Nf3 Nf6 3. Nc3 Nc6 4. Bc4 Bc5 5. O-O d6 6. d3 Bg4 7. Bg5 Nd4 8. a3
Bxf3 9. gxf3 h6 10. Bh4 O-O 11. Kh1 c6 12. Rg1 Qe7 13. Rg3 g5 14. Qf1 Nxc2 15.
Bxg5 hxg5 16. Rxg5+ Kh8 17. Qh3+ Nh7 18. Rag1 Rg8 19. Qh5 Rxg5 20. Rxg5 Rg8 21.
Rg4 Rxg4 22. fxg4 Qg5 23. Qxf7 Qxg4 24. Qe8+ Nf8 25. Qxf8+ Kh7 26. Bg8+ Qxg8
27. Qf5+ Qg6 28. Qd7+ Kh6 29. Qh3+ Qh5 30. Qe6+ Kg5 31. Qf5+ Kh4 32. Qf6+ Kh3
33. Qe6+ Kh4 34. Qf6+ Kg4 35. Qg7+ Qg5 36. Qd7+ Kf3 37. Qf7+ Qf4 38. Qh5+ Qg4
39. Qf7+ Qf4 40. Qh5+ Qg4 41. Qf7+ Qf4 1/2-1/2

[Event "ODJM B 2015"]
[Site "Willingen GER"]
[Date "2015.05.24"]
[Round "2"]
[White "Theile, Cedric"]
[Black "Jacoby, Angelina"]
[Result "1-0"]
[Termination "normal"]
[Board "30"]
[WhiteElo "1116"]
[BlackElo "886"]
[PlyCount "107"]
[WhiteFideId "16283228"]
[BlackFideId "12999008"]
[EventCountry "GER"]
[EventRounds "9"]
[EventType "swiss"]
[EventDate "2015.05.23"]

1. e4 e5 2. Nf3 Nc6 3. Bc4 Bc5 4. Nc3 Nf6 5. d3 d6 6. h3 Be6 7. Bxe6 fxe6 8.
O-O Qe7 9. Bg5 h6 10. Bxf6 Qxf6 11. Nb5 O-O-O 12. Qd2 Rdf8 13. a3 Qg6 14. Nh4
Qg3 15. b4 Bb6 16. c4 Qxh4 17. a4 Rf6 18. a5 Bd4 19. Nxd4 exd4 20. a6 b6 21.
Qb2 Rg6 22. Kh2 Qf4+ 23. g3 Qe5 24. f4 Qf6 25. c5 b5 26. cxd6 cxd6 27. Qc2 Kd7
28. Rac1 Nxb4 29. Qc7+ Ke8 30. Qxd6 Kf7 31. Rc7+ Kg8 32. Qxb4 Kh7 33. Qxb5 e5
34. Qxe5 Qxe5 35. fxe5 Rxa6 36. Rff7 Rg8 37. h4 Re6 38. Rxa7 Rxe5 39. Rad7 Kg6
40. g4 h5 41. Rf5 Rxf5 42. gxf5+ Kf6 43. Rxd4 g6 44. Rd5 g5 45. hxg5+ Rxg5 46.
d4 h4 47. Rd6+ Ke7 48. Re6+ Kd7 49. Kh3 Rh5 50. d5 Rh7 51. e5 Rh5 52. f6 Rh7
53. Rc6 Ke8 54. e6 1-0

[Event "ODJM B 2015"]
[Site "Willingen GER"]
[Date "2015.05.24"]
[Round "2"]
[White "Grey, Anna"]
[Black "Burdot, Louis"]
[Result "0-1"]
[Termination "normal"]
[Board "31"]
[WhiteElo "853"]
[BlackElo "1113"]
[PlyCount "92"]
[WhiteFideId "16226917"]
[BlackFideId "4004760"]
[EventCountry "GER"]
[EventRounds "9"]
[EventType "swiss"]
[EventDate "2015.05.23"]

1. c4 e5 2. Nc3 Nf6 3. e4 Bc5 4. g3 O-O 5. Bg2 Nc6 6. a3 a5 7. d3 d6 8. Nf3 Ng4
9. O-O Nxf2 10. Rxf2 Bxf2+ 11. Kxf2 Bg4 12. Be3 Nd4 13. Bxd4 exd4 14. Ne2 c6
15. Nexd4 c5 16. Nc2 Qd7 17. Ne3 Bxf3 18. Qxf3 b5 19. cxb5 Qxb5 20. Qe2 Rab8
21. Ra2 Qb3 22. Ra1 Qxb2 23. Re1 Qxa3 24. Nf5 Rb2 25. Bf3 Rxe2+ 26. Bxe2 Rd8
27. Rd1 g6 28. Nh6+ Kg7 29. Ng4 d5 30. exd5 Rxd5 31. Ne3 Rd8 32. Kf1 Qc3 33.
Kf2 a4 34. Nc4 a3 35. h3 a2 36. Kf3 a1=Q 37. Rxa1 Qxa1 38. Nd2 Qf6+ 39. Kg2 Qb2
40. Kf2 Qxd2 41. Kf3 Re8 42. Bf1 Re3+ 43. Kf4 Re1+ 44. Kg4 Rxf1 45. h4 f5+ 46.
Kh3 Rh1# 0-1

[Event "ODJM B 2015"]
[Site "Willingen GER"]
[Date "2015.05.24"]
[Round "2"]
[White "Voltmer, Victor"]
[Black "Reichel, Sara"]
[Result "1-0"]
[Termination "normal"]
[Board "32"]
[WhiteElo "1104"]
[BlackElo "866"]
[PlyCount "55"]
[BlackFideId "16245130"]
[EventCountry "GER"]
[EventRounds "9"]
[EventType "swiss"]
[EventDate "2015.05.23"]

1. e4 c5 2. Nf3 Nc6 3. Bc4 g6 4. c3 Bg7 5. d4 b6 6. Bg5 d6 7. h3 Nf6 8. Nbd2
O-O 9. Qa4 Bd7 10. Bb5 Qe8 11. Bxf6 exf6 12. d5 Rc8 13. dxc6 Bxc6 14. Bxc6 Rxc6
15. Qxa7 f5 16. Qa4 d5 17. O-O-O dxe4 18. Nh2 Qc8 19. g4 Re6 20. gxf5 gxf5 21.
Rhg1 e3 22. fxe3 Rxe3 23. Rde1 Rfe8 24. Rxe3 Rxe3 25. Qf4 Qe8 26. Nhf3 Qe6 27.
Qg5 Qh6 28. Qxh6 1-0

[Event "ODJM B 2015"]
[Site "Willingen GER"]
[Date "2015.05.24"]
[Round "2"]
[White "Semukhin, Sophia"]
[Black "Reuker, Ronja"]
[Result "0-1"]
[Termination "normal"]
[Board "33"]
[WhiteElo "798"]
[BlackElo "1102"]
[PlyCount "62"]
[BlackFideId "12947172"]
[EventCountry "GER"]
[EventRounds "9"]
[EventType "swiss"]
[EventDate "2015.05.23"]

1. e4 e5 2. Nf3 Nc6 3. Bc4 Nf6 4. d3 Bc5 5. c3 d5 6. exd5 Nxd5 7. Bb5 Bg4 8.
Bxc6+ bxc6 9. h3 Bh5 10. O-O Qf6 11. Nbd2 Nf4 12. Ne4 Qe7 13. d4 Bd6 14. Bxf4
exf4 15. Re1 O-O 16. Neg5 Bxf3 17. Nxf3 Qf6 18. c4 c5 19. Rb1 Rab8 20. a4 Rfd8
21. Qd2 cxd4 22. Nxd4 Bb4 23. Qe2 Bxe1 24. Rxe1 Qxd4 25. Rd1 Qxd1+ 26. Qxd1
Rxd1+ 27. Kh2 Rxb2 28. f3 Rdd2 29. h4 Rxg2+ 30. Kh3 h5 31. c5 Rh2# 0-1

[Event "ODJM B 2015"]
[Site "Willingen GER"]
[Date "2015.05.24"]
[Round "2"]
[White "Hoppe, Nico"]
[Black "Brunner, Alexander"]
[Result "0-1"]
[Termination "normal"]
[Board "34"]
[WhiteElo "1086"]
[BlackElo "840"]
[PlyCount "64"]
[WhiteFideId "16225520"]
[BlackFideId "12965278"]
[EventCountry "GER"]
[EventRounds "9"]
[EventType "swiss"]
[EventDate "2015.05.23"]

1. e4 d5 2. exd5 Qxd5 3. Nc3 Qa5 4. d4 Nf6 5. Bd2 c6 6. Nf3 Bg4 7. Bc4 Qb6 8.
Bc1 Nbd7 9. d5 O-O-O 10. dxc6 Qxc6 11. Qe2 Bxf3 12. gxf3 e6 13. Bf4 Bc5 14. a4
Rhe8 15. Bb5 Qb6 16. Qc4 a6 17. O-O e5 18. Be3 axb5 19. Nxb5 e4 20. a5 Qe6 21.
Qc3 exf3 22. Kh1 Nd5 23. Qxg7 Qh3 24. Rg1 Rg8 25. Qxf7 Rxg1+ 26. Rxg1 Rf8 27.
Qxd5 Bxe3 28. Rg3 Qf1+ 29. Rg1 Qxf2 30. Nd6+ Kc7 31. Nb5+ Kd8 32. Qg5+ Bxg5 0-1

[Event "ODJM B 2015"]
[Site "Willingen GER"]
[Date "2015.05.24"]
[Round "2"]
[White "Nagel, Philipp"]
[Black "Seliokaite, Ana"]
[Result "0-1"]
[Termination "normal"]
[Board "35"]
[WhiteElo "761"]
[BlackElo "1085"]
[PlyCount "72"]
[WhiteFideId "12994715"]
[BlackFideId "16224817"]
[EventCountry "GER"]
[EventRounds "9"]
[EventType "swiss"]
[EventDate "2015.05.23"]

1. d4 d5 2. Bf4 f5 3. Nc3 Nf6 4. e3 e6 5. h3 Bb4 6. Qd2 Ne4 7. Qd3 Nc6 8. O-O-O
Nxc3 9. bxc3 Ba3+ 10. Kb1 Ne7 11. c4 Bb4 12. cxd5 Nxd5 13. g3 Nc3+ 14. Kc1 Nxd1
15. Kxd1 c6 16. e4 O-O 17. exf5 exf5 18. Qc4+ Kh8 19. Qxb4 a5 20. Qa3 Re8 21.
Kd2 {Abwartezug, da auf beiden Formularen der Zug von Weiss fehlt} 21... Qd5
22. Be5 Qxh1 23. Qc1 Qd5 24. c4 Qd7 25. Bd3 c5 26. g4 cxd4 27. gxf5 Rxe5 28.
Kc2 Qa4+ 29. Kb1 Qb4+ 30. Ka1 Bxf5 31. Nf3 Rc5 32. Ng5 Bxd3 33. a3 Qxc4 34. Qd1
Qc3+ 35. Ka2 Rb5 36. a4 Qb2# 0-1